¿Verdadero o Falso? - Estadísticas

Estadísticas generales
  • Esta prueba ha sido intentada 270 veces
    247 desde el último reinicio
  • La puntuación promedio es 6 de 11
Estadísticas de respuestas
Pregunta Respuesta % Correcto
En la isla de Borneo se encuentran total o parcialmente más de un país. Verdadero
76%
El volcán Etna se encuentra en Cerdeña. Falso
71%
Los dos países que tienen los dos últimos nombres alfabéticamente se encuentran en el mismo continente. Verdadero
71%
Antes de la independencia de Sudán del Sur, Sudán era el país más grande de África. Verdadero
67%
China tiene cinco husos horarios diferentes. Falso
62%
África es el continente más grande (superficie) del mundo. Falso
52%
Joseph Stalin nació en San Petersburgo. Falso
52%
Argelia es más grande (superficie) que Groenlandia. Verdadero
52%
Baréin se encuentra en la Península Arábiga. Verdadero
52%
Mónaco es el país más densamente poblado del mundo. Verdadero
38%
Kingstown es la capital de Jamaica. Falso
19%
No se encontraron pruebas coincidentes
Distribución de puntuación
Porcentaje de gente con cada puntuación
Porcentaje por número respondido
Historial de tus puntuaciones
No has intentado esta prueba desde el último reinicio